[Event "28th Hoogeveen op"]
[Site "Hoogeveen NED"]
[Date "2025.10.24"]
[Round "8.16"]
[White "Mostertman, Milan"]
[Black "Bakija, Alan"]
[Result "1-0"]
[WhiteElo "2236"]
[BlackElo "2082"]
[EventDate "2025.10.18"]
[PlyCount "141"]

1.e4 d6 2.d4 Nf6 3.Nc3 e5 4.Nf3 Nbd7 5.Bc4 Be7 6.O-O O-O 7.a4 exd4 8.Nxd4 
Ne5 9.Ba2 Nc6 10.Re1 Nb4 11.Bb3 c5 12.Nde2 Be6 13.Bxe6 fxe6 14.Nf4 Qd7 15.
Nd3 Nxd3 16.Qxd3 Ng4 17.Qe2 Ne5 18.Be3 g5 19.Qh5 Qe8 20.Qxe8 Rfxe8 21.f4 
gxf4 22.Bxf4 Ng6 23.Bg3 a6 24.Rad1 Red8 25.Re2 Rd7 26.Red2 Rad8 27.a5 Kf7 
28.Na4 e5 29.Nxc5 Rc7 30.Rf1+ Bf6 31.Na4 Ke6 32.Nb6 Bg5 33.Re2 Rf8 34.Rd1 
Ne7 35.c3 Rc5 36.Bf2 Rc7 37.Be3 Bxe3+ 38.Rxe3 Ng6 39.Red3 Rc6 40.g3 Ne7 
41.b3 Nc8 42.Nc4 Rf6 43.Ne3 Rf7 44.Nd5 Rf8 45.c4 Rc5 46.Nb6 Rc6 47.Nxc8 
Rfxc8 48.Rf1 R6c7 49.Rdf3 Rg7 50.Rf6+ Ke7 51.Rh6 Rc6 52.Rd1 Kd7 53.Kg2 Kc7
54.Rd5 Rd7 55.h4 b6 56.axb6+ Rxb6 57.c5 Rxb3 58.cxd6+ Kc6 59.Rxe5 Rxd6 60.
Reh5 Rb7 61.Rxh7 Rb2+ 62.Kh3 Ra2 63.R5h6 a5 64.Rxd6+ Kxd6 65.Kg4 a4 66.h5 
a3 67.Ra7 Ke5 68.Kg5 Ra1 69.h6 a2 70.h7 Rh1 71.Kg6 1-0

[Event "28th Hoogeveen op"]
[Site "Hoogeveen NED"]
[Date "2025.10.24"]
[Round "8.17"]
[White "Lind, Jacco"]
[Black "Weidenhoefer, Max"]
[Result "1-0"]
[WhiteElo "2045"]
[BlackElo "2205"]
[EventDate "2025.10.18"]
[PlyCount "131"]

1.d4 d5 2.c4 e6 3.Nc3 Nf6 4.Bg5 Be7 5.Nf3 c6 6.e3 Nbd7 7.Qc2 h6 8.Bh4 O-O 
9.a3 b6 10.cxd5 cxd5 11.Bd3 Bb7 12.O-O Rc8 13.Bg3 Ne4 14.Rfc1 Nxg3 15.hxg3
Bd6 16.Qe2 Qe7 17.Nb5 Bb8 18.b4 Nf6 19.Ne5 Ne4 20.Qb2 a6 21.Bxe4 dxe4 22.
Nc3 Rfd8 23.b5 f6 24.Ng6 Qf7 25.bxa6 Bxa6 26.Nf4 g5 27.Nfe2 Qb7 28.a4 Bd3 
29.Nb5 Kg7 30.Nec3 e5 31.Ne2 Qa6 32.dxe5 Bxe5 33.Ned4 Kg6 34.Qb3 Rxc1+ 35.
Rxc1 Rc8 36.Nc6 Kg7 37.Qe6 Qb7 38.Nbd4 Bxd4 39.exd4 b5 40.axb5 Bxb5 41.d5 
e3 42.fxe3 Ba4 43.Kh2 Rc7 44.e4 Qc8 45.Qd6 Qd7 46.Qxd7+ Rxd7 47.Nd4 Kf7 
48.Ra1 Ra7 49.Nb5 Ra6 50.Nc7 Ra5 51.d6 Ra7 52.d7 Ke7 53.Nd5+ Kxd7 54.Rxa4 
Rxa4 55.Nb6+ Kd6 56.Nxa4 Ke5 57.Nc5 Kd4 58.Nd7 Kxe4 59.Nxf6+ Kf5 60.Nd5 
Ke4 61.Nf6+ Kf5 62.Ng8 h5 63.Kh3 Ke6 64.g4 Kf7 65.Nh6+ Kg6 66.Nf5 1-0

[Event "28th Hoogeveen op"]
[Site "Hoogeveen NED"]
[Date "2025.10.24"]
[Round "8.19"]
[White "Stefan, Iulia-Cristiana"]
[Black "Boeren, Jurriaan"]
[Result "1-0"]
[WhiteElo "1997"]
[BlackElo "2112"]
[EventDate "2025.10.18"]
[PlyCount "63"]

1.d4 Nf6 2.Nf3 e6 3.Bg5 c5 4.e3 d5 5.Nbd2 Nbd7 6.c3 Bd6 7.Bd3 Qc7 8.O-O c4
9.Bc2 b5 10.e4 dxe4 11.Nxe4 Nxe4 12.Bxe4 Rb8 13.Qe2 O-O 14.Bh4 h6 15.Bg3 
Bxg3 16.hxg3 Bb7 17.Bxb7 Rxb7 18.a3 a5 19.Rfe1 Rd8 20.Rac1 Qc6 21.g4 Qd5 
22.Qe3 Rdb8 23.g5 hxg5 24.Nxg5 Qf5 25.Qg3 Nf6 26.Re5 Qg4 27.Qh2 g6 28.Nxe6
fxe6 29.f3 Rh7 30.Qxh7+ Kxh7 31.fxg4 Rb6 32.Rce1 1-0

[Event "28th Hoogeveen op"]
[Site "Hoogeveen NED"]
[Date "2025.10.24"]
[Round "8.20"]
[White "De Jong, Lode"]
[Black "Van de Pavoordt, Max"]
[Result "1-0"]
[WhiteElo "1986"]
[BlackElo "2098"]
[EventDate "2025.10.18"]
[PlyCount "57"]

1.d4 d5 2.c4 c6 3.Nf3 Nf6 4.g3 dxc4 5.Bg2 Nbd7 6.O-O b5 7.Ne5 Nxe5 8.dxe5 
Nd5 9.a4 Bb7 10.b3 e6 11.bxc4 bxc4 12.Na3 c3 13.e4 Nb4 14.Qb3 Be7 15.Rd1 
Qc7 16.Qxc3 O-O 17.Nb5 Qa5 18.Nd6 Ba6 19.Be3 c5 20.Rac1 c4 21.Bd2 Rab8 22.
Qa3 Qc5 23.Be3 Qc7 24.Bf1 Nc6 25.Bxc4 Qa5 26.Bd2 Qb6 27.a5 Qd4 28.Bf4 Qxe4
29.Bxa6 1-0

[Event "28th Hoogeveen op"]
[Site "Hoogeveen NED"]
[Date "2025.10.24"]
[Round "8.21"]
[White "Valiente, Paulo"]
[Black "Grooten, Herman"]
[Result "0-1"]
[WhiteElo "2017"]
[BlackElo "2183"]
[EventDate "2025.10.18"]
[PlyCount "126"]

1.c4 b6 2.Nf3 c5 3.Nc3 Nf6 4.g3 Bb7 5.Bg2 d6 6.O-O e6 7.b3 Be7 8.Bb2 a6 9.
d4 cxd4 10.Qxd4 Nbd7 11.e4 Qb8 12.Rad1 O-O 13.Rfe1 Rd8 14.Ba3 Nc5 15.Bxc5 
dxc5 16.Qe3 Ng4 17.Qe2 Ne5 18.Rxd8+ Bxd8 19.Rd1 Bf6 20.Nxe5 Bxe5 21.Qd3 
Qc7 22.Ne2 Bf6 23.f4 Rd8 24.Qc2 Rxd1+ 25.Qxd1 Qc6 26.Qd2 h6 27.Nc1 Bd4+ 
28.Kf1 e5 29.Nd3 f6 30.Ne1 b5 31.Qa5 Qd6 32.Qd2 bxc4 33.bxc4 Qe6 34.Qc2 a5
35.f5 Qf7 36.Bf3 Ba6 37.Be2 g6 38.g4 h5 39.fxg6 Qxg6 40.Qb1 Qf7 41.gxh5 
Bxc4 42.Qc2 Bxa2 43.Ng2 Qb3 44.Qd2 Qb1+ 45.Ne1 Be6 46.Bd3 Bh3+ 47.Ke2 Qb2 
48.Nc2 Qc3 49.Qxc3 Bxc3 50.Ne3 Kg7 51.Kd1 Bd4 52.Nc4 Bc3 53.Kc2 Bb4 54.Kb3
Bg4 55.Ne3 Bxh5 56.Bc4 Be8 57.Nd5 a4+ 58.Kc2 Bg6 59.Kd3 f5 60.Ba2 f4 61.
Bc4 a3 62.Bb3 Be8 63.Bc4 Bb5 0-1

[Event "28th Hoogeveen op"]
[Site "Hoogeveen NED"]
[Date "2025.10.24"]
[Round "8.22"]
[White "Albin, Sajan"]
[Black "Yekeler, Kerem Sarp"]
[Result "1-0"]
[WhiteElo "2101"]
[BlackElo "2112"]
[EventDate "2025.10.18"]
[PlyCount "155"]

1.d4 Nf6 2.c4 e6 3.Nc3 Bb4 4.Qc2 d5 5.cxd5 exd5 6.Bg5 O-O 7.e3 h6 8.Bh4 c5
9.dxc5 d4 10.O-O-O Nc6 11.Nf3 Bxc5 12.Bxf6 gxf6 13.exd4 Bd6 14.a3 Bg4 15.
h3 Bh5 16.g4 Bg6 17.Bd3 Kg7 18.Rhe1 Re8 19.Kb1 Rc8 20.Rxe8 Qxe8 21.Re1 Qd8
22.Bxg6 fxg6 23.Qe4 Qd7 24.Qe6 Rd8 25.h4 Qxe6 26.Rxe6 Kf7 27.Re4 Bc7 28.d5
Ne5 29.Nxe5+ Bxe5 30.Rc4 Ke7 31.Re4 Kf7 32.Rb4 b6 33.Ra4 a5 34.Rc4 Bxc3 
35.Rc7+ Kf8 36.Rxc3 Rxd5 37.Rc6 Ke7 38.Rxb6 Rd1+ 39.Ka2 Rf1 40.Rb7+ Ke6 
41.Rh7 Rxf2 42.Rxh6 Rh2 43.Rxg6 Rxh4 44.g5 Kf5 45.Rxf6+ Kxg5 46.Rb6 a4 47.
Rb4 Rf4 48.Kb1 Rf1+ 49.Kc2 Rf2+ 50.Kc3 Kf5 51.Rxa4 Ke5 52.Rh4 Kd5 53.Rh5+ 
Kc6 54.a4 Rf3+ 55.Kb4 Rf4+ 56.Ka3 Kb6 57.Rh3 Rg4 58.b4 Rf4 59.Rh6+ Kb7 60.
a5 Rg4 61.Ka4 Rg5 62.Rh4 Rg1 63.Rh7+ Kb8 64.Rh5 Rg6 65.Kb5 Ka8 66.a6 Rg1 
67.Ka5 Rg6 68.b5 Rg8 69.Rh6 Rb8 70.Rc6 Ka7 71.b6+ Ka8 72.b7+ Ka7 73.Rc8 
Rxc8 74.bxc8=N+ Ka8 75.Kb6 Kb8 76.Nd6 Ka8 77.Ne8 Kb8 78.a7+ 1-0

[Event "28th Hoogeveen op"]
[Site "Hoogeveen NED"]
[Date "2025.10.24"]
[Round "8.23"]
[White "Gerrits, Augustin"]
[Black "Fikh, Anthony"]
[Result "1/2-1/2"]
[WhiteElo "2074"]
[BlackElo "1942"]
[EventDate "2025.10.18"]
[PlyCount "114"]

1.e4 c6 2.d4 d5 3.Nc3 dxe4 4.Nxe4 Nf6 5.Nxf6+ exf6 6.Be3 Na6 7.a3 Bd6 8.
Bd3 O-O 9.Ne2 Bf5 10.O-O Bxd3 11.Qxd3 Re8 12.Rfd1 Nc7 13.c4 b5 14.b3 a5 
15.d5 bxc4 16.bxc4 cxd5 17.cxd5 Qd7 18.Bf4 a4 19.Qg3 Ra6 20.Nc3 Be5 21.
Rab1 Bxc3 22.Qxc3 Nxd5 23.Qc4 Ra5 24.Bd2 Raa8 25.Bc3 Rac8 26.Rxd5 Rxc4 27.
Rxd7 Rxc3 28.Re7 Rec8 29.g3 g6 30.Rbb7 Rf8 31.Rb4 Rxa3 32.Ra7 Ra2 33.Rbxa4
Rxa4 34.Rxa4 Kg7 35.h4 f5 36.Kg2 Re8 37.Ra6 Re4 38.Rb6 Ra4 39.Kf3 Ra3+ 40.
Kg2 Rc3 41.Ra6 h6 42.Rb6 Rc4 43.Kf3 Ra4 44.Rc6 h5 45.Rb6 Ra3+ 46.Kg2 Rc3 
47.Ra6 Rc1 48.Rb6 Rc4 49.Kf3 Rg4 50.Rb5 f4 51.Ra5 fxg3 52.fxg3 Rb4 53.Rc5 
Ra4 54.Rb5 Ra3+ 55.Kf4 Kf6 56.Rb6+ Kg7 57.Rb5 Kf6 1/2-1/2

[Event "28th Hoogeveen op"]
[Site "Hoogeveen NED"]
[Date "2025.10.24"]
[Round "8.25"]
[White "Timmermans, Raymond"]
[Black "Kazarjan, Gachatur"]
[Result "0-1"]
[WhiteElo "2013"]
[BlackElo "2192"]
[EventDate "2025.10.18"]
[PlyCount "114"]

1.d4 d5 2.c4 e6 3.Nc3 Nf6 4.Nf3 a6 5.Bg5 Be7 6.e3 O-O 7.Bd3 Nbd7 8.O-O 
dxc4 9.Bxc4 b5 10.Bd3 c5 11.Rc1 cxd4 12.Nxd4 Bb7 13.Be2 Qb6 14.Bf3 Ne5 15.
Bxb7 Qxb7 16.Qe2 Rac8 17.Rfd1 h6 18.Bh4 Rfd8 19.h3 Nc4 20.Nf3 Rxd1+ 21.
Rxd1 Ne4 22.Nxe4 Bxh4 23.Nxh4 Qxe4 24.Nf3 Nb6 25.Qd3 Qa4 26.Qd4 b4 27.a3 
a5 28.axb4 axb4 29.Qd3 Nd5 30.Ne5 b3 31.Nf3 Rc2 32.Nd4 Rxb2 33.Rb1 Nb4 34.
Qe4 Nc2 35.Rxb2 Qa1+ 36.Kh2 Qxb2 37.Qa8+ Kh7 38.Qe4+ f5 39.Nxf5 exf5 40.
Qxf5+ Kg8 41.Qc8+ Kf7 42.Qd7+ Kf6 43.Qd6+ Kf5 44.Qd3+ Ke6 45.Qa6+ Kd5 46.
Qb5+ Kd6 47.Qb6+ Kd5 48.Qb5+ Ke4 49.Qc4+ Kf5 50.Qc8+ Ke5 51.Qc5+ Ke4 52.
Qc4+ Nd4 53.exd4 Qc2 54.Qe6+ Kd3 55.Qf5+ Ke2 56.Qf3+ Kf1 57.g3 Qxf2+ 0-1

[Event "28th Hoogeveen op"]
[Site "Hoogeveen NED"]
[Date "2025.10.24"]
[Round "8.26"]
[White "Aravindhan, Achyuth"]
[Black "Safin, Safarullakhan"]
[Result "1-0"]
[WhiteElo "2144"]
[BlackElo "1915"]
[EventDate "2025.10.18"]
[PlyCount "113"]

1.e4 c5 2.Nf3 d6 3.d4 cxd4 4.Nxd4 Nf6 5.Nc3 a6 6.Be3 Ng4 7.Bg5 h6 8.Bh4 g5
9.Bg3 Bg7 10.Qd2 Nc6 11.Nb3 b5 12.h4 gxh4 13.Rxh4 Nge5 14.O-O-O Nc4 15.Qd5
e6 16.Qh5 Bxc3 17.bxc3 e5 18.f4 Qb6 19.Kb1 Be6 20.f5 Bd7 21.Rg4 a5 22.Rg7 
Rf8 23.Qf3 a4 24.Bf2 Qb7 25.Nd2 Na3+ 26.Kb2 b4 27.c4 Na5 28.Qd3 Qc7 29.Rh7
Rc8 30.Rxh6 f6 31.Rh7 Rf7 32.Qd5 N5xc4+ 33.Nxc4 Nxc4+ 34.Ka1 Rf8 35.Rxd7 
Qxd7 36.Bxc4 Rb8 37.Bc5 b3 38.cxb3 axb3 39.Bxd6 b2+ 40.Kb1 Rb6 41.Qa8+ Qd8
42.Qxd8+ Kxd8 43.Bxf8+ Ke8 44.Bc5 Rb7 45.Bb3 Rc7 46.Ba4+ Kf7 47.Rd7+ Rxd7 
48.Bxd7 Kg7 49.Kxb2 Kh6 50.a4 Kg5 51.a5 Kh6 52.a6 Kg7 53.a7 Kf7 54.a8=Q 
Kg7 55.Qf8+ Kh7 56.Qf7+ Kh8 57.Qxf6+ 1-0

[Event "28th Hoogeveen op"]
[Site "Hoogeveen NED"]
[Date "2025.10.24"]
[Round "8.27"]
[White "Van der Lubben, Arno"]
[Black "Winter, Sven"]
[Result "1-0"]
[WhiteElo "2005"]
[BlackElo "2119"]
[EventDate "2025.10.18"]
[PlyCount "115"]

1.d4 d5 2.c4 c6 3.Nc3 Nf6 4.Nf3 e6 5.Bg5 Nbd7 6.e3 Qa5 7.cxd5 Nxd5 8.Rc1 
Nxc3 9.bxc3 Ba3 10.Rc2 b6 11.Bd3 Ba6 12.O-O Bxd3 13.Qxd3 O-O 14.c4 Rfe8 
15.Bf4 Bf8 16.Rd1 Rad8 17.Bc7 Rc8 18.Bg3 Rcd8 19.Bc7 Rc8 20.Bg3 c5 21.d5 
exd5 22.cxd5 b5 23.d6 g6 24.Qd5 Nf6 25.Qd3 c4 26.Qd4 Nd7 27.e4 Qa4 28.Rdc1
Bh6 29.Ne5 Rxe5 30.Bxe5 Bxc1 31.Rxc1 Qa3 32.Qc3 Qxc3 33.Bxc3 Rc6 34.e5 Ra6
35.Rc2 Ra4 36.Bd4 Rb4 37.f4 Rb1+ 38.Kf2 Rd1 39.Bxa7 g5 40.g3 Kg7 41.Be3 
Kg6 42.a4 bxa4 43.Ra2 Rh1 44.Kg2 Re1 45.Kf2 Rh1 46.Rxa4 Rxh2+ 47.Ke1 gxf4 
48.gxf4 Rh1+ 49.Kd2 Rh2+ 50.Kc3 Rh3 51.Kd4 c3 52.Ra7 Nf8 53.Ke4 f5+ 54.
exf6 c2 55.Rc7 Kxf6 56.Bd4+ Ke6 57.f5+ Kxd6 58.Be5# 1-0

[Event "28th Hoogeveen op"]
[Site "Hoogeveen NED"]
[Date "2025.10.24"]
[Round "8.28"]
[White "Baarspul, Bram"]
[Black "Van Helvoort, Rob"]
[Result "1-0"]
[WhiteElo "1894"]
[BlackElo "2095"]
[EventDate "2025.10.18"]
[PlyCount "61"]

1.e4 c5 2.Nf3 e6 3.d4 cxd4 4.Nxd4 Nf6 5.Nc3 Nc6 6.a3 d5 7.exd5 exd5 8.Be3 
Be7 9.Qd2 O-O 10.O-O-O Be6 11.Kb1 a6 12.Be2 Na5 13.g4 Rc8 14.g5 Ne4 15.
Nxe4 dxe4 16.Nxe6 fxe6 17.Bg4 Rc6 18.Qxd8 Rxd8 19.Rxd8+ Bxd8 20.Rd1 Bc7 
21.Rd4 Kf7 22.Rd7+ Kf8 23.b4 Nc4 24.Bc5+ Ke8 25.Rxg7 Nxa3+ 26.Ka2 Be5 27.
Bh5+ Kd8 28.Rg8+ Kc7 29.Kxa3 b6 30.Be8 Rxc5 31.bxc5 1-0

[Event "28th Hoogeveen op"]
[Site "Hoogeveen NED"]
[Date "2025.10.24"]
[Round "8.29"]
[White "Struik, Marcel"]
[Black "Hoffman, Ron"]
[Result "1/2-1/2"]
[WhiteElo "1945"]
[BlackElo "2027"]
[EventDate "2025.10.18"]
[PlyCount "87"]

1.Nc3 Nf6 2.e4 d5 3.e5 Nfd7 4.d4 c5 5.f4 e6 6.Nf3 Nc6 7.Be3 Qa5 8.Be2 Rb8 
9.a3 cxd4 10.Nxd4 a6 11.Qd2 Nxd4 12.Bxd4 Bc5 13.O-O Bxd4+ 14.Qxd4 Qc5 15.
Rad1 O-O 16.Bg4 b5 17.Qxc5 Nxc5 18.b4 Nd7 19.Ne2 Nb6 20.Nd4 Nc4 21.Rd3 Rb7
22.Nb3 Rc7 23.Nc5 Nb2 24.Rh3 Na4 25.Nxa4 bxa4 26.Be2 g6 27.Rc1 Bb7 28.c4 
dxc4 29.Rhc3 Rd8 30.Rxc4 Rxc4 31.Rxc4 Rd2 32.Bf1 Bd5 33.Rc3 Rb2 34.g3 Bb7 
35.Re3 Kf8 36.Be2 Ke7 37.h4 Kd7 38.Kf2 Kc7 39.Ke1 Kb6 40.Kd1 Bd5 41.Kc1 
Ra2 42.Bd1 Kb5 43.Rc3 Rg2 44.Bc2 1/2-1/2

[Event "28th Hoogeveen op"]
[Site "Hoogeveen NED"]
[Date "2025.10.24"]
[Round "8.30"]
[White "Mellema, Andries"]
[Black "Bakels, Anton"]
[Result "0-1"]
[WhiteElo "2142"]
[BlackElo "1981"]
[EventDate "2025.10.18"]
[PlyCount "88"]

1.e4 c5 2.Nf3 d6 3.d4 cxd4 4.Nxd4 Nf6 5.Nc3 a6 6.h3 e5 7.Nde2 h5 8.Bg5 Be6
9.Bxf6 Qxf6 10.Nd5 Qd8 11.Nec3 g6 12.Bc4 Bh6 13.Qd3 O-O 14.Rd1 Nd7 15.O-O 
b5 16.Bb3 Nc5 17.Qe2 Qg5 18.f4 exf4 19.Nxf4 Qe5 20.Bxe6 Nxe6 21.Nd3 Qg5 
22.Nd5 Bg7 23.c3 Rae8 24.Qc2 f5 25.exf5 Rxf5 26.Rxf5 Qxf5 27.N3b4 Qxc2 28.
Nxc2 Nc5 29.Nf4 Bh6 30.Nxg6 Re2 31.Nd4 Rxb2 32.Nf5 Bd2 33.Nge7+ Kf8 34.Nd5
Ne4 35.a3 Kf7 36.Rf1 Ke6 37.Nc7+ Kd7 38.Nxa6 Bxc3 39.g4 hxg4 40.hxg4 Ba5 
41.Rc1 Bb6+ 42.Kf1 Nd2+ 43.Ke1 Nf3+ 44.Kf1 Rf2# 0-1

[Event "28th Hoogeveen op"]
[Site "Hoogeveen NED"]
[Date "2025.10.24"]
[Round "8.31"]
[White "Groenewoud, Joel"]
[Black "Abel, Sajan"]
[Result "0-1"]
[WhiteElo "2175"]
[BlackElo "2046"]
[EventDate "2025.10.18"]
[PlyCount "146"]

1.e4 c5 2.Nf3 d6 3.d4 cxd4 4.Nxd4 Nf6 5.Nc3 a6 6.f3 e5 7.Nb3 Be6 8.Be3 Be7
9.Qd2 O-O 10.O-O-O Nbd7 11.g4 b5 12.a3 Nb6 13.Na5 Nc4 14.Nxc4 bxc4 15.Kb1 
Rc8 16.g5 Nh5 17.h4 Ng3 18.Rg1 Nxf1 19.Rgxf1 Qd7 20.Nd5 Rc6 21.h5 Rb8 22.
Qc3 Bd8 23.h6 Rb5 24.a4 Ra5 25.hxg7 Bxd5 26.Rxd5 Rxd5 27.exd5 Rc8 28.f4 
Qf5 29.Rf2 Qe4 30.fxe5 Qxe5 31.g6 hxg6 32.Bd4 Qh5 33.Qe3 Bg5 34.Qe4 Qh3 
35.Re2 Bf6 36.Re3 Qh4 37.Qxh4 Bxh4 38.Rh3 g5 39.Bf6 Re8 40.Ka2 Re4 41.b4 
Rf4 42.Be7 Kxg7 43.b5 axb5 44.axb5 Rf5 45.Rh1 Rxd5 46.Rb1 Bf2 47.Bd8 g4 
48.b6 Ra5+ 49.Kb2 Rb5+ 50.Ka2 Rxb1 51.Kxb1 g3 52.b7 Ba7 53.Bb6 Bb8 54.Kc1 
Kg6 55.Kd2 Kf5 56.Kc3 Ke4 57.Kxc4 d5+ 58.Kc3 g2 59.Bg1 Kf3 60.Kd4 f5 61.
Kxd5 f4 62.c4 Ke2 63.Bh2 Kf2 64.Kc6 g1=Q 65.Bxg1+ Kxg1 66.Kd7 f3 67.Kc8 
Be5 68.b8=Q Bxb8 69.Kxb8 f2 70.c5 f1=Q 71.c6 Qb5+ 72.Kc7 Kf2 73.Kd6 Qf5 
0-1

[Event "28th Hoogeveen op"]
[Site "Hoogeveen NED"]
[Date "2025.10.24"]
[Round "8.32"]
[White "Xu, Alex"]
[Black "Gergin, Isafara"]
[Result "1-0"]
[WhiteElo "2027"]
[BlackElo "1984"]
[EventDate "2025.10.18"]
[PlyCount "129"]

1.e4 c6 2.d4 d5 3.exd5 cxd5 4.Bd3 Nf6 5.h3 Nc6 6.c3 e5 7.dxe5 Nxe5 8.Nf3 
Nxd3+ 9.Qxd3 Be7 10.O-O O-O 11.Be3 b6 12.Nd4 Bc5 13.Nd2 Re8 14.Rfd1 Ne4 
15.Nf1 Qf6 16.Re1 Qg6 17.Ne2 Bd6 18.Nf4 Bxf4 19.Bxf4 Bf5 20.Qf3 Nc5 21.Bg3
Be4 22.Qg4 Qxg4 23.hxg4 Bg6 24.Ne3 Nd3 25.Re2 f5 26.gxf5 Bxf5 27.Rd2 Be4 
28.Rad1 Nc5 29.Nxd5 Bxd5 30.Rxd5 Re2 31.R5d2 Rae8 32.Kf1 Rxd2 33.Rxd2 Ne4 
34.Rd3 Nxg3+ 35.Rxg3 Kf7 36.Re3 Rd8 37.Ke2 Kf6 38.Rd3 Re8+ 39.Kd2 Re7 40.
a4 Rc7 41.b4 Ke6 42.Kc2 a6 43.Kb3 Rf7 44.f3 Rc7 45.Rd4 Ke7 46.Rc4 Rb7 47.
Rc6 Kd7 48.b5 axb5 49.axb5 Kd8 50.c4 Kd7 51.Kb4 Rb8 52.g4 Rb7 53.f4 Rb8 
54.f5 Kd8 55.g5 Rb7 56.c5 bxc5+ 57.Kxc5 Rf7 58.f6 gxf6 59.Rxf6 Rg7 60.Kc6 
Rxg5 61.b6 Rg1 62.Rd6+ Ke7 63.Kc7 Rb1 64.Rc6 h5 65.b7 1-0

[Event "28th Hoogeveen op"]
[Site "Hoogeveen NED"]
[Date "2025.10.25"]
[Round "9.1"]
[White "Abdisalimov, Abdimalik"]
[Black "Raja, Harshit"]
[Result "1-0"]
[WhiteElo "2501"]
[BlackElo "2476"]
[EventDate "2025.10.18"]
[PlyCount "121"]

1.e4 c5 2.Nf3 d6 3.d4 cxd4 4.Nxd4 Nf6 5.Nc3 a6 6.Be3 e5 7.Nb3 Be6 8.f3 h5 
9.Qd2 Nbd7 10.Nd5 Nxd5 11.exd5 Bf5 12.Na5 Be7 13.Be2 Bh4+ 14.g3 Be7 15.c4 
Qc8 16.b4 Bd8 17.Nb3 b6 18.Rc1 a5 19.a3 Bg6 20.O-O a4 21.Na1 O-O 22.f4 Nf6
23.fxe5 dxe5 24.d6 h4 25.g4 Qc6 26.Bf3 Be4 27.Bxe4 Qxe4 28.h3 Rc8 29.Qe2 
Nd7 30.Rc3 Rc6 31.Rd1 Bg5 32.Nc2 Rfc8 33.c5 bxc5 34.Rc4 Qg6 35.Bxg5 Qxg5 
36.b5 Rb6 37.Rxa4 Qf6 38.g5 Qg6 39.Rxh4 c4 40.Ne3 Rxb5 41.Qg4 e4 42.Qxd7 
Qxg5+ 43.Ng2 Rbb8 44.Rf1 Qd5 45.Rf5 Qd4+ 46.Kh2 Rf8 47.Rfh5 g6 48.Rh8+ 
Qxh8 49.Rxh8+ Kxh8 50.Qe7 Kg8 51.d7 c3 52.Ne3 f5 53.Nd5 c2 54.Qc5 Rbd8 55.
Qxc2 Rxd7 56.Qc6 Rg7 57.Qd6 g5 58.a4 g4 59.hxg4 fxg4 60.Nf6+ Kf7 61.Nxe4 
1-0

[Event "28th Hoogeveen op"]
[Site "Hoogeveen NED"]
[Date "2025.10.25"]
[Round "9.2"]
[White "Chanda, Sandipan"]
[Black "Nigmatov, Ortik"]
[Result "1/2-1/2"]
[WhiteElo "2467"]
[BlackElo "2485"]
[EventDate "2025.10.18"]
[PlyCount "133"]

1.d4 d5 2.Bf4 Nf6 3.e3 e6 4.Nf3 c5 5.Nbd2 Nc6 6.c3 Nh5 7.Bg5 f6 8.Bh4 g6 
9.Bd3 cxd4 10.cxd4 Bd6 11.a3 O-O 12.O-O Rf7 13.Rc1 a6 14.Re1 g5 15.Bg3 
Nxg3 16.hxg3 g4 17.Nh2 f5 18.Re2 Qg5 19.Kh1 Rg7 20.Ndf1 Qh6 21.f4 gxf3 22.
gxf3 e5 23.dxe5 Bxe5 24.f4 Bf6 25.Bb1 Be6 26.Ba2 Rd8 27.Rd2 Rgd7 28.Kg2 
Na5 29.Qa4 Nc4 30.Bxc4 dxc4 31.Rxd7 Rxd7 32.Rxc4 Bd5+ 33.Kf2 Rd8 34.Rc5 
Be7 35.Rc7 Qd6 36.Rc2 b5 37.Qa5 Qe6 38.Qc7 Qe4 39.Rd2 Bf6 40.Qb6 Kg7 41.
Qa7+ Kg6 42.Qxa6 Bb7 43.Qxb5 Rc8 44.Qb3 Qg2+ 45.Ke1 Rc1+ 46.Rd1 Bd5 47.
Qxd5 Qxd5 48.Rxc1 Qg2 49.Kd1 Qxb2 50.Nd2 Bc3 51.Nhf1 Kh5 52.Rb1 Qxa3 53.
Rb3 Qa1+ 54.Kc2 Ba5 55.Kd3 Kg4 56.Ke2 h5 57.e4 fxe4 58.Ne3+ Kh3 59.g4 Qa2 
60.Nc4+ Kh2 61.Ra3 Qc2 62.Rxa5 Qd3+ 63.Kd1 hxg4 64.Ne3 Kg1 65.Nxg4 e3 66.
Nxe3 Qxe3 67.Re5 1/2-1/2

[Event "28th Hoogeveen op"]
[Site "Hoogeveen NED"]
[Date "2025.10.25"]
[Round "9.3"]
[White "Beerdsen, Thomas"]
[Black "Harikrishnan.A.Ra,"]
[Result "1/2-1/2"]
[WhiteElo "2528"]
[BlackElo "2534"]
[EventDate "2025.10.18"]
[PlyCount "35"]

1.e4 e6 2.d4 d5 3.Nc3 Nf6 4.Bg5 dxe4 5.Nxe4 Nbd7 6.Nf3 h6 7.Bxf6 Nxf6 8.
Bd3 Nxe4 9.Bxe4 c5 10.Qe2 Qa5+ 11.c3 cxd4 12.Nxd4 Qb6 13.a4 a6 14.O-O Be7 
15.Qc4 Qc5 16.Qxc5 Bxc5 17.Rfd1 Ke7 18.b4 1/2-1/2

[Event "28th Hoogeveen op"]
[Site "Hoogeveen NED"]
[Date "2025.10.25"]
[Round "9.4"]
[White "Zwirs, Nico"]
[Black "Miezis, Normunds"]
[Result "1-0"]
[WhiteElo "2441"]
[BlackElo "2374"]
[EventDate "2025.10.18"]
[PlyCount "91"]

1.e4 c5 2.Nf3 e6 3.d4 cxd4 4.Nxd4 a6 5.Bd3 g6 6.Nc3 Bg7 7.Be3 Nc6 8.Nxc6 
bxc6 9.Qd2 Qa5 10.Rb1 f5 11.O-O Nf6 12.b4 Qc7 13.exf5 gxf5 14.Bf4 Qa7 15.
Bd6 Kf7 16.Rfe1 Re8 17.Na4 Qd4 18.Be5 Qa7 19.c4 d5 20.c5 Bd7 21.Nb6 Rad8 
22.Rb3 Bc8 23.Qe2 Qe7 24.Nxc8 Rxc8 25.Bxa6 Ra8 26.Rg3 Rg8 27.Bd6 Qd7 28.b5
cxb5 29.Bxb5 Qc8 30.Re3 Ne4 31.Qh5+ Kf6 32.Qh4+ Kg6 33.Rg3+ Nxg3 34.Qxg3+ 
Kf7 35.Be2 Bf6 36.Bh5+ Rg6 37.Qb3 Qa6 38.Qe3 Qc8 39.Qb3 Qa6 40.g3 Ra7 41.
Qb8 Bg7 42.c6 d4 43.Rb1 Ra8 44.Qc7+ Kg8 45.Bxg6 hxg6 46.Rb7 1-0

[Event "28th Hoogeveen op"]
[Site "Hoogeveen NED"]
[Date "2025.10.25"]
[Round "9.5"]
[White "Harshavardhan, G. B."]
[Black "De Jong, Migchiel"]
[Result "1-0"]
[WhiteElo "2476"]
[BlackElo "2258"]
[EventDate "2025.10.18"]
[PlyCount "97"]

1.d4 Nf6 2.c4 g6 3.Nc3 Bg7 4.e4 O-O 5.Nf3 c6 6.Bd3 d6 7.O-O Bg4 8.Be3 Na6 
9.h3 Bxf3 10.Qxf3 Nd7 11.Qe2 Nc7 12.Rad1 Ne6 13.d5 Nd4 14.Qd2 c5 15.f4 a6 
16.b3 Rb8 17.Ne2 Nxe2+ 18.Qxe2 Qa5 19.a4 Qc3 20.Rb1 Bd4 21.Rfc1 Bxe3+ 22.
Qxe3 Qd4 23.Qxd4 cxd4 24.b4 a5 25.c5 axb4 26.cxd6 exd6 27.Bb5 Nf6 28.Re1 
Nh5 29.Rxb4 Nxf4 30.e5 dxe5 31.Rxe5 f6 32.Re1 g5 33.Rxd4 Ng6 34.Re6 Kf7 
35.Rb6 Ne5 36.Rb4 Kg6 37.Rb1 Rbd8 38.d6 Rf7 39.d7 Re7 40.Rf1 Rf7 41.Rd1 h5
42.Rxb7 g4 43.Rc7 gxh3 44.gxh3 Kf5 45.Rc8 Rff8 46.Rxd8 Rxd8 47.a5 Nf7 48.
a6 Ra8 49.Rc1 1-0

[Event "28th Hoogeveen op"]
[Site "Hoogeveen NED"]
[Date "2025.10.25"]
[Round "9.6"]
[White "De Boer, Eelke"]
[Black "Soumya, Swaminathan"]
[Result "0-1"]
[WhiteElo "2456"]
[BlackElo "2238"]
[EventDate "2025.10.18"]
[PlyCount "38"]

1.d4 Nf6 2.c4 g6 3.Nc3 Bg7 4.e4 d6 5.Be2 O-O 6.Be3 Nc6 7.Nf3 Ng4 8.Bg5 h6 
9.Bh4 g5 10.Bg3 e5 11.dxe5 Ngxe5 12.Rc1 Be6 13.b3 Nxf3+ 14.Bxf3 Nd4 15.Bg4
Bxg4 16.Qxg4 f5 17.exf5 Qe8+ 18.Qe4 Nxb3 19.O-O Nxc1 0-1

[Event "28th Hoogeveen op"]
[Site "Hoogeveen NED"]
[Date "2025.10.25"]
[Round "9.7"]
[White "Maris, Ivo"]
[Black "Dordevic, Tom"]
[Result "0-1"]
[WhiteElo "2389"]
[BlackElo "2224"]
[EventDate "2025.10.18"]
[PlyCount "102"]

1.g3 c5 2.Bg2 Nf6 3.e4 Nc6 4.f4 d5 5.e5 Bg4 6.Nf3 Nd7 7.d3 e6 8.h3 Bxf3 9.
Qxf3 Be7 10.c3 O-O 11.O-O Qc7 12.Nd2 Rae8 13.h4 f6 14.exf6 Nxf6 15.Qd1 Bd6
16.Nf3 e5 17.Ng5 exf4 18.Bxf4 Bxf4 19.Rxf4 Ne5 20.Qf1 Ng6 21.Rf3 h6 22.Nh3
Ne5 23.Rf5 Neg4 24.Rf3 Ne3 25.Qe2 Nf5 26.Qd2 Nxg3 27.Nf4 Ng4 28.Rxg3 Rxf4 
29.Bxd5+ Kh8 30.Qg2 Nf6 31.Bxb7 Rxh4 32.Rf1 Rb8 33.Rxf6 gxf6 34.Bd5 Qh7 
35.Be4 f5 36.Qf2 Rg8 37.Bxf5 Rxg3+ 38.Qxg3 Qg7 39.Bg6 Qf6 40.Be4 Qg5 41.
Qxg5 hxg5 42.b4 c4 43.Kg2 Kg7 44.a4 Kf6 45.b5 cxd3 46.Bxd3 Rxa4 47.c4 Ra3 
48.Be4 Rc3 49.Bd5 Ke5 50.Kf2 Kd4 51.Ke2 Rxc4 0-1

[Event "28th Hoogeveen op"]
[Site "Hoogeveen NED"]
[Date "2025.10.25"]
[Round "9.8"]
[White "Van Batenburg, Mees"]
[Black "Korchynskyi, Mykola"]
[Result "1/2-1/2"]
[WhiteElo "2231"]
[BlackElo "2382"]
[EventDate "2025.10.18"]
[PlyCount "107"]

1.e4 c6 2.d4 d5 3.e5 Bf5 4.h4 h5 5.Bd3 Bxd3 6.Qxd3 Qa5+ 7.Nd2 e6 8.Nf3 Nh6
9.O-O Nf5 10.Nb3 Qd8 11.Qc3 Qb6 12.Bg5 a5 13.a4 Nd7 14.Qd3 c5 15.c4 dxc4 
16.Qxc4 cxd4 17.Rac1 Be7 18.Qc8+ Rxc8 19.Rxc8+ Bd8 20.Rxd8+ Qxd8 21.Bxd8 
Kxd8 22.Nxa5 Kc7 23.Rc1+ Kb8 24.Rd1 Rc8 25.Nxd4 Nxd4 26.Rxd4 Nxe5 27.Rb4 
Rc7 28.f3 Ka7 29.Rb5 Nd3 30.Rxh5 Nxb2 31.Nb3 g6 32.Rb5 Nd3 33.Kh2 f5 34.
Nd4 e5 35.Ra5+ Kb8 36.Ne6 Re7 37.Rd5 e4 38.fxe4 fxe4 39.Ng5 Nb2 40.Kg1 
Nxa4 41.Rd6 b5 42.Re6 Rxe6 43.Nxe6 b4 44.Nd4 Kc7 45.Kf2 Kd6 46.Ke3 Nc5 47.
g4 Kd7 48.h5 gxh5 49.gxh5 Ke8 50.Nb5 Kf8 51.Kd4 b3 52.Kc3 Kg8 53.Kb2 Kf7 
54.Nd6+ 1/2-1/2

[Event "28th Hoogeveen op"]
[Site "Hoogeveen NED"]
[Date "2025.10.25"]
[Round "9.9"]
[White "Makhynia, Kostiantyn"]
[Black "Bosboom, Manuel"]
[Result "0-1"]
[WhiteElo "1935"]
[BlackElo "2355"]
[EventDate "2025.10.18"]
[PlyCount "62"]

1.d4 g6 2.c4 Bg7 3.Nf3 c6 4.g3 Nf6 5.Bg2 O-O 6.Nc3 a6 7.O-O b5 8.b3 d6 9.
Re1 Nbd7 10.e4 e5 11.dxe5 Ng4 12.Nd4 Qb6 13.h3 Nxf2 14.Kxf2 dxe5 15.c5 
Qxc5 16.Ne2 exd4 17.Nf4 Ne5 18.Nd3 Qc3 19.Nxe5 Qxa1 20.Nxc6 Bd7 21.Ne7+ 
Kh8 22.Qd3 Qc3 23.Rd1 b4 24.Qb1 Qc5 25.Nd5 f5 26.Kg1 fxe4 27.Bxe4 Rae8 28.
Bf4 Rxe4 29.Qxe4 Bc6 30.Be5 d3+ 31.Kh2 Qc2+ 0-1